[Event "London Classic Open 2015"]
[Site "London ENG"]
[Date "2015.12.09"]
[Round "7.25"]
[White "Chen, Pengyu"]
[Black "Wells, P"]
[Result "1/2-1/2"]
[WhiteElo "2289"]
[BlackElo "2442"]
[EventDate "2015.12.04"]
[WhiteTitle "FM"]
[BlackTitle "GM"]
[WhiteFideId "3212092"]
[BlackFideId "400327"]

1.e4 e5 2.Nf3 Nc6 3.Bc4 Nf6 4.d3 Be7 5.Bb3 O-O 6.O-O d6 7.c3 h6 8.Nbd2 Nh7
9.Nc4 Ng5 10.Nxg5 Bxg5 11.f4 exf4 12.Bxf4 Bxf4 13.Rxf4 Ne5 14.Qe2 Nxc4 15.
Bxc4 Qe7 16.Qh5 Be6 17.Bb3 Qg5 18.Qxg5 hxg5 19.Rf3 Rfe8 20.Bxe6 Rxe6 21.
Kf2 f6 22.Rh1 Rae8 23.Rf5 c6 24.c4 g6 25.Ra5 f5 26.Rxa7 fxe4 27.d4 e3+ 28.
Ke2 R8e7 29.Ra3 Re4 30.Rd1 Kf7 31.Rdd3 Rh4 32.Rxe3 Rxh2 33.Rxe7+ Kxe7 34.
Rb3 Rxg2+ 35.Kf3 Rc2 36.Rxb7+ Ke6 37.d5+ cxd5 38.cxd5+ Kf5 39.a4 g4+ 40.
Kg3 Rc4 41.a5 Ra4 42.b4 1/2-1/2

[Event "London Classic Open 2015"]
[Site "London ENG"]
[Date "2015.12.09"]
[Round "7.74"]
[White "Serntedakis, A"]
[Black "Taylor, William J"]
[Result "1/2-1/2"]
[WhiteElo "2091"]
[BlackElo "1962"]
[EventDate "2015.12.04"]
[WhiteFideId "4239423"]
[BlackFideId "423130"]

1.e4 e5 2.Nf3 Nc6 3.Bc4 Bc5 4.O-O d6 5.d3 Nf6 6.c3 a6 7.Nbd2 Ba7 8.Bb3 O-O
9.Re1 Re8 10.Nf1 h6 11.h3 Be6 12.Ne3 Bxb3 13.Qxb3 Qd7 14.Nf5 Ne7 15.Nxe7+ 
Qxe7 16.Qxb7 Nh5 17.Qd5 Rab8 18.a4 g5 19.b4 Kh7 20.Be3 Bxe3 21.fxe3 Nf6 
22.Qc4 Rb6 23.Nh2 c6 24.a5 d5 25.Qa2 Rb7 26.Rf1 Kg7 27.Ng4 Nxg4 28.hxg4 
dxe4 29.Qc4 c5 30.bxc5 exd3 31.e4 d2 32.Rad1 Rd8 33.c6 Rc7 34.Kh1 Qd6 35.
Qxa6 Qxc6 36.Qxc6 Rxc6 37.Rf2 1/2-1/2

[Event "London Classic Open 2015"]
[Site "London ENG"]
[Date "2015.12.10"]
[Round "8.57"]
[White "Foo, Be"]
[Black "Krokay, U"]
[Result "1-0"]
[WhiteElo "2183"]
[BlackElo "2009"]
[EventDate "2015.12.04"]
[WhiteFideId "5801664"]
[BlackFideId "1125508"]

1.e4 e5 2.Nf3 Nc6 3.Bc4 Bc5 4.O-O d6 5.c3 Nf6 6.Re1 Bg4 7.d3 a6 8.b4 Ba7 
9.Be3 Bxe3 10.fxe3 O-O 11.h3 Bh5 12.g4 Bg6 13.Nh4 d5 14.Nxg6 hxg6 15.exd5 
Nxd5 16.Qd2 Nb6 17.Bb3 Qh4 18.Kg2 Rad8 19.Rd1 Rd6 20.e4 Rfd8 21.Qe2 Ne7 
22.Nd2 Qh6 23.Nf3 Nc6 24.Rd2 Rf8 25.Rf1 Kh7 26.a4 f5 27.b5 fxe4 28.Qxe4 
Rf4 29.Qe3 Na5 30.Ba2 Nd5 31.Bxd5 Rxd5 32.g5 Qh5 33.c4 Rd8 34.Qxe5 Rdf8 
35.Rdf2 axb5 36.axb5 R4f5 37.Qxc7 Nb3 38.Qg3 Nc5 39.Rd2 Ne6 40.Qg4 Nxg5 
41.Qxh5+ gxh5 42.Nh2 Rxf1 43.Nxf1 Nxh3 44.Kxh3 Rxf1 45.c5 g5 46.d4 Rf3+ 
47.Kg2 Rc3 48.Re2 Rc4 49.b6 Kg7 50.Re7+ Kf6 51.Rxb7 Rxd4 52.c6 Ke6 53.c7 
Kd7 54.Rb8 1-0

[Event "London Classic Open 2015"]
[Site "London ENG"]
[Date "2015.12.11"]
[Round "9.33"]
[White "Hector, J"]
[Black "Foo, Be"]
[Result "1-0"]
[WhiteElo "2499"]
[BlackElo "2183"]
[EventDate "2015.12.04"]
[WhiteTitle "GM"]
[WhiteFideId "1700090"]
[BlackFideId "5801664"]

1.e4 e5 2.Nf3 Nc6 3.Bc4 Nf6 4.d3 Bc5 5.c3 a6 6.Bb3 O-O 7.O-O d6 8.Be3 Ba7 
9.Nbd2 h6 10.Re1 Nh5 11.Nf1 Qf6 12.h3 Ne7 13.d4 Ng6 14.Nxe5 dxe5 15.Qxh5 
exd4 16.cxd4 Nf4 17.Bxf4 Qxf4 18.Rad1 Be6 19.g3 Qf6 20.e5 Qg5 21.Qxg5 hxg5
22.Kg2 Bxb3 23.axb3 c6 24.Ne3 Rad8 25.Nf5 Rd7 26.Rd3 Rfd8 27.Red1 g6 28.
Nd6 Bb8 29.d5 cxd5 30.Rxd5 Kf8 31.Kf3 Ke7 32.Kg4 Ke6 33.Nxf7 Rxd5 34.Nxd8+
Kxe5 35.Nf7+ Ke6 36.Nxg5+ Kd6 37.Nf7+ Ke6 38.Nd8+ Ke5 39.f4+ Ke4 40.Rxd5 
Kxd5 41.Nxb7 Kc6 42.Nd8+ Kb5 43.Kg5 Bd6 44.Kxg6 Kb4 45.Nb7 Bf8 46.Kf7 Bh6 
47.h4 Kb5 48.h5 Kb4 49.Kg6 1-0

[Event "London Classic Open 2015"]
[Site "London ENG"]
[Date "2015.12.11"]
[Round "9.40"]
[White "Chen, Pengyu"]
[Black "Stamos, F"]
[Result "1-0"]
[WhiteElo "2289"]
[BlackElo "2164"]
[EventDate "2015.12.04"]
[WhiteTitle "FM"]
[WhiteFideId "3212092"]
[BlackFideId "4242807"]

1.e4 e5 2.Nf3 Nc6 3.Bc4 Nf6 4.d3 Bc5 5.c3 a6 6.O-O d6 7.Bb3 Ba7 8.Be3 O-O 
9.Nbd2 h6 10.h3 Re8 11.Bxa7 Rxa7 12.Re1 Nh5 13.Nf1 Qf6 14.Ne3 Ne7 15.Kh2 
Nf4 16.Ng1 c6 17.g3 Ne6 18.Qf3 Qxf3 19.Nxf3 Ng5 20.Ng1 Ne6 21.Rad1 a5 22.
Nc4 Rd8 23.Nb6 Ra6 24.Nxc8 Rxc8 25.Nf3 a4 26.Bc2 a3 27.b4 c5 28.Bb3 cxb4 
29.cxb4 Rb6 30.d4 Nc6 31.dxe5 dxe5 32.Re3 Rxb4 33.Bd5 Ned4 34.Rxa3 Rc7 35.
Rc1 Nxf3+ 36.Rxf3 Rd7 37.Kg2 Rb2 38.a3 Rb6 39.Rc5 Re7 40.Rfc3 Rc7 41.h4 g6
42.h5 Kg7 43.hxg6 fxg6 44.Ra5 Rc8 45.Bxc6 Rbxc6 46.Rb3 Kf6 47.Rxb7 Rd8 48.
Raa7 Rd2 49.Rf7+ Kg5 50.Rae7 Rc5 51.Re6 Rd8 52.Rg7 Rh8 53.Rexg6+ Kh5 54.
Rg4 1-0

[Event "London Classic Open 2015"]
[Site "London ENG"]
[Date "2015.12.11"]
[Round "9.72"]
[White "Obioma Onuoha"]
[Black "Korning, Peter"]
[Result "0-1"]
[WhiteElo "2165"]
[BlackElo "2000"]
[EventDate "2015.12.04"]
[WhiteFideId "8505837"]
[BlackFideId "1723332"]

1.e4 e5 2.Nf3 Nc6 3.Bc4 Nf6 4.d3 Bc5 5.O-O O-O 6.Bg5 d6 7.Nc3 Be6 8.Nd5 
Bxd5 9.Bxd5 h6 10.Be3 Bxe3 11.fxe3 Nxd5 12.exd5 Ne7 13.c4 c6 14.e4 cxd5 
15.exd5 b5 16.b3 bxc4 17.dxc4 Qb6+ 18.Kh1 a5 19.Nh4 f5 20.Qd3 e4 21.Qh3 
Qd4 22.Rad1 Qe5 23.c5 Rad8 24.c6 g5 25.Nxf5 Nxf5 26.Qh5 e3 27.Qg6+ Kh8 28.
c7 Rc8 29.Rxf5 Qxf5 30.Qxh6+ Kg8 31.h4 Rxc7 32.Qxd6 Rh7 33.Rd4 Rxh4+ 34.
Rxh4 gxh4 35.Qe7 e2 36.Qxh4 Qf1+ 37.Kh2 Qf4+ 0-1

[Event "London Classic Superrapid"]
[Site "London ENG"]
[Date "2015.12.12"]
[Round "4.5"]
[White "Eggleston, D"]
[Black "Hammer, J"]
[Result "0-1"]
[WhiteElo "2399"]
[BlackElo "2682"]
[EventDate "2015.12.12"]
[WhiteTitle "IM"]
[BlackTitle "GM"]
[WhiteFideId "412120"]
[BlackFideId "1503707"]

1.e4 e5 2.Nf3 Nc6 3.Bc4 Bc5 4.c3 Nf6 5.d3 d6 6.O-O a6 7.b4 Ba7 8.a4 Ne7 9.
Re1 Ng6 10.Nbd2 O-O 11.Nf1 c6 12.Bb3 h6 13.Ng3 d5 14.Be3 Bxe3 15.Rxe3 Be6 
16.exd5 Nxd5 17.Bxd5 Qxd5 18.Qe1 Rad8 19.Rd1 Bg4 20.c4 Qe6 21.h3 Bxf3 22.
Rxf3 Rd4 23.Nf5 Rf4 24.Rxf4 Nxf4 25.Qe4 g6 26.Ng3 Rd8 27.Ne2 Nh5 28.Qe3 
Kg7 29.Re1 Qf6 30.Ng3 Nf4 31.Qxe5 Nxd3 32.Qxf6+ Kxf6 33.Rb1 Ke5 34.Ne2 f5 
35.g3 Ke4 36.Kg2 g5 37.b5 f4 38.Nc3+ Kd4 39.Ne2+ Kxc4 40.bxa6 bxa6 41.gxf4
Re8 42.Kf1 gxf4 43.Ng1 a5 44.Nf3 Nb4 45.Rc1+ Kd5 46.Rd1+ Kc5 47.Rc1+ Kb6 
48.Rc4 Nd5 49.Nd4 Re4 50.Rxc6+ Kb7 51.Rc5 Rxd4 52.Rxa5 f3 53.Rb5+ Kc6 54.
Ke1 Nc3 0-1

[Event "London Classic Superrapid"]
[Site "London ENG"]
[Date "2015.12.13"]
[Round "6.18"]
[White "Cherniaev, A1"]
[Black "Kiik, K"]
[Result "1-0"]
[WhiteElo "2441"]
[BlackElo "2386"]
[EventDate "2015.12.12"]
[WhiteTitle "GM"]
[BlackTitle "IM"]
[WhiteFideId "4117301"]
[BlackFideId "4500075"]

1.e4 e5 2.Nf3 Nc6 3.Bc4 Nf6 4.d3 Bc5 5.c3 d6 6.Bb3 a6 7.O-O Ba7 8.Be3 O-O 
9.Nbd2 Ne7 10.Nh4 Be6 11.Bxa7 Rxa7 12.f4 Bxb3 13.axb3 Nd7 14.fxe5 dxe5 15.
b4 Ra8 16.Nc4 f6 17.Kh1 Nb6 18.Na5 Rb8 19.Nb3 Nd7 20.Qg4 Rc8 21.Na5 Rb8 
22.Nc4 Kh8 23.Rf3 Rf7 24.Raf1 Qe8 25.Rh3 Nf8 26.Qh5 g6 27.Qh6 Rd8 28.Qe3 
Ng8 29.Nf3 Rfd7 30.Ne1 Ne6 31.Rhf3 Qe7 32.g3 c5 33.Nb6 cxb4 34.Nxd7 Rxd7 
35.Qb6 bxc3 36.bxc3 Rd6 37.Qa5 Qd7 38.R3f2 Ng5 39.c4 Nh3 40.Rd2 Nh6 41.c5 
Rc6 42.Nf3 Ng4 43.d4 exd4 44.Rxd4 Qe7 45.Qd2 Rc8 46.Kg2 Qxc5 47.Kxh3 Qh5+ 
48.Nh4 Ne5 49.Rd8+ Kg7 50.Rxc8 Qg4+ 51.Kg2 Qxc8 52.Nf3 Nc4 53.Qd4 b5 54.e5
1-0

[Event "London Classic Superrapid"]
[Site "London ENG"]
[Date "2015.12.13"]
[Round "9.3"]
[White "Hillarp Persson, T"]
[Black "Howell, D"]
[Result "1/2-1/2"]
[WhiteElo "2539"]
[BlackElo "2693"]
[EventDate "2015.12.12"]
[WhiteTitle "GM"]
[BlackTitle "GM"]
[WhiteFideId "1700812"]
[BlackFideId "410608"]

1.e4 e5 2.Nf3 Nc6 3.Bc4 Bc5 4.d3 Nf6 5.O-O d6 6.c3 Bb6 7.Nbd2 Ne7 8.Bb3 
Ng6 9.Nc4 O-O 10.a4 c6 11.Nxb6 axb6 12.Be3 h6 13.h3 Re8 14.Re1 d5 15.Bc2 
c5 16.b4 cxb4 17.cxb4 Be6 18.Rb1 Rc8 19.Rb2 Re7 20.Kh2 Qd6 21.a5 d4 22.Bd2
b5 23.Bb3 Rec7 24.Ng1 Nd7 25.Bxe6 Qxe6 26.Qg4 Qf6 27.Qf3 Qxf3 28.Nxf3 f6 
29.g3 Kf7 30.Kg2 Ke6 31.Ng1 Rc2 32.Reb1 Nb8 33.Kf1 f5 34.exf5+ Kxf5 35.Ne2
Nd7 36.f4 Ke6 37.g4 Rxb2 38.f5+ Kd5 39.Rxb2 Ne7 40.Ng3 Nf6 41.Ke2 e4 42.
dxe4+ Nxe4 43.Nh5 g5 44.fxg6 Nxg6 45.Bxh6 Rc3 46.Kf1 Rxh3 47.Kg2 Rc3 48.
Nf4+ Nxf4+ 49.Bxf4 d3 50.g5 Ke6 51.Rb1 Kf5 52.Rf1 Rc2+ 53.Kf3 Re2 54.Be3 
Nxg5+ 55.Bxg5 Kxg5 56.Rd1 Rb2 57.Rxd3 Rxb4 58.Rd7 Ra4 59.Rxb7 Rxa5 1/2-1/2

[Event "7th Penang Open 2015"]
[Site "Penang MAS"]
[Date "2015.12.07"]
[Round "1.31"]
[White "Koh, Sian Kuan Bausch"]
[Black "Tran Ngoc Lan"]
[Result "0-1"]
[WhiteElo "1798"]
[BlackElo "2256"]
[EventDate "2015.12.07"]
[WhiteFideId "5709741"]
[BlackFideId "12401811"]

1.e4 e5 2.Bc4 Nc6 3.Nf3 Nf6 4.d4 exd4 5.O-O d6 6.Nxd4 Bd7 7.Re1 Be7 8.Nc3 
O-O 9.h3 Nxd4 10.Qxd4 Bc6 11.Bf4 Nh5 12.Bh2 Bf6 13.Qe3 Re8 14.Bd5 Bxc3 15.
Qxc3 Bxd5 16.exd5 Qd7 17.Qd4 Nf6 18.c4 Rxe1+ 19.Rxe1 Re8 20.Kf1 Rxe1+ 21.
Kxe1 Qa4 22.a3 b5 23.b3 Qa6 24.cxb5 Qa5+ 25.Ke2 Qxb5+ 26.Qc4 Nxd5 27.Qxb5 
Nc3+ 28.Kd3 Nxb5 29.Kc4 c6 30.b4 Kf8 31.f3 Ke7 32.Bg3 Kd7 33.Bf2 d5+ 34.
Kd3 a6 35.Bc5 Nxa3 36.f4 Nc4 37.Bd4 g6 38.Bc3 Kd6 39.Kd4 Na3 40.Bb2 Nb5+ 
41.Kd3 c5 42.bxc5+ Kxc5 43.g4 f5 44.gxf5 gxf5 45.Bg7 d4 46.Bf8+ Kd5 47.Bb4
Nc7 48.Ba5 Ne6 49.Bd2 h5 50.Bc1 a5 51.h4 a4 0-1

[Event "7th Penang Open 2015"]
[Site "Penang MAS"]
[Date "2015.12.08"]
[Round "2.20"]
[White "Ng, Jen Sheng"]
[Black "Barus, C"]
[Result "1/2-1/2"]
[WhiteElo "1991"]
[BlackElo "2355"]
[EventDate "2015.12.07"]
[WhiteTitle "CM"]
[BlackTitle "GM"]
[WhiteFideId "5708478"]
[BlackFideId "7100094"]

1.e4 e5 2.Nf3 Nc6 3.Bc4 Bc5 4.c3 Nf6 5.d3 d6 6.O-O O-O 7.Bb3 h6 8.h3 Re8 
9.Re1 Bb6 10.Nbd2 Be6 11.Bc2 d5 12.Qe2 a6 13.Nf1 Ba7 14.Ng3 dxe4 15.dxe4 
b5 16.Nh2 Ne7 17.Qf3 Ng6 18.Nf5 Bc5 19.Rd1 Nd7 20.g3 Qc8 21.Bb3 Bf8 22.Ng4
Nc5 23.Bxe6 Qxe6 24.b3 Red8 25.Be3 Nb7 26.Rd5 c6 27.Rxd8 Rxd8 28.Rd1 Rxd1+
29.Qxd1 Ne7 30.Qd3 h5 31.Nh2 g6 32.Nxe7+ Bxe7 33.Kg2 f6 34.Bc1 a5 35.Qe3 
Bc5 36.Qf3 a4 37.g4 hxg4 38.Nxg4 Be7 39.Qg3 axb3 40.axb3 Nd6 41.Nh6+ Kg7 
42.Qh4 g5 43.Qh5 Nxe4 44.h4 f5 45.hxg5 f4 46.Ng4 Nxg5 47.Ba3 Nf7 48.Bxe7 
Qxe7 49.Qf5 Qd6 50.c4 bxc4 51.bxc4 Qg6 52.Qd7 Qe4+ 53.Kh2 f3 54.Qe6 Qf4+ 
55.Kg1 c5 56.Kh1 Qg5 57.Kg1 Qg6 58.Qd7 e4 59.Kh1 Qh5+ 60.Nh2 Qg5 61.Ng4 
Qc1+ 62.Kh2 Qf4+ 63.Kh3 Kg6 64.Qc6+ Kg7 65.Qe6 1/2-1/2

[Event "7th Penang Open 2015"]
[Site "Penang MAS"]
[Date "2015.12.08"]
[Round "3.23"]
[White "Gong Qianyun"]
[Black "Lim, Wei Sheng"]
[Result "1/2-1/2"]
[WhiteElo "2317"]
[BlackElo "1902"]
[EventDate "2015.12.07"]
[WhiteTitle "WIM"]
[WhiteFideId "8602425"]
[BlackFideId "5703638"]

1.e4 e5 2.Nf3 Nc6 3.Bc4 Bc5 4.c3 Nf6 5.d3 d6 6.Bb3 Bg4 7.Nbd2 Qd7 8.h3 Be6
9.Bc2 O-O 10.b4 Bb6 11.a4 a5 12.b5 Ne7 13.d4 exd4 14.cxd4 Rfe8 15.O-O c6 
16.Rb1 Rab8 17.Ng5 Bxd4 18.Nxe6 fxe6 19.Nf3 Bc5 20.Bb2 Ng6 21.Qd2 cxb5 22.
Qxa5 b4 23.Bd3 Ra8 24.Qb5 Qxb5 25.Bxb5 Red8 26.Ng5 Nf8 27.e5 dxe5 28.Bxe5 
1/2-1/2

[Event "7th Penang Open 2015"]
[Site "Penang MAS"]
[Date "2015.12.09"]
[Round "4.1"]
[White "Ramnath, B"]
[Black "Liu Dede"]
[Result "1/2-1/2"]
[WhiteElo "2423"]
[BlackElo "2372"]
[EventDate "2015.12.07"]
[WhiteTitle "IM"]
[BlackTitle "IM"]
[WhiteFideId "5026598"]
[BlackFideId "7100566"]

1.e4 e5 2.Nf3 Nc6 3.Bc4 Be7 4.O-O Nf6 5.d3 O-O 6.Re1 d6 7.a4 h6 8.Nbd2 Be6
9.a5 b6 10.a6 Qc8 11.c3 Nb8 12.d4 Bg4 13.h3 Bh5 14.Nf1 Nbd7 15.Ng3 Bg6 16.
Nh4 Kh7 17.Nhf5 Qd8 18.Bb5 Nb8 19.Qf3 Nfd7 20.dxe5 Nxe5 21.Qd1 c6 22.Bf1 
f6 23.f4 Bxf5 24.Nxf5 Nf7 25.Nd4 Qc8 26.Bc4 Nd8 27.Nf5 Qd7 28.Qh5 Qe8 29.
Qg4 g6 30.Nh4 Nd7 31.Nxg6 Qxg6 32.Qxd7 Qg7 33.Qf5+ Qg6 34.Qd7 Qe8 35.Qxe8 
Rxe8 36.Be3 Bf8 37.Bd4 Bg7 38.b4 Ne6 39.Be3 Nc7 40.Rad1 Rad8 41.Bf1 Kh8 
42.Bd4 Ne6 43.g3 Nxd4 44.cxd4 Bf8 45.d5 c5 46.Bb5 Re7 47.bxc5 dxc5 48.Kg2 
Rc7 49.e5 c4 50.d6 Rc5 51.Ba4 b5 52.Bc2 b4 53.e6 Rxd6 54.Rxd6 Bxd6 55.e7 
Bxe7 56.Rxe7 b3 57.Bxb3 cxb3 58.Rxa7 Ra5 59.Rb7 Rxa6 60.g4 Kg8 61.Kg3 Ra5 
62.Kh4 Ra6 63.f5 b2 64.Kh5 Ra7 65.Rxb2 Kg7 66.Rb6 Rc7 67.h4 Ra7 68.Rc6 Rb7
69.Rc1 Ra7 70.Rb1 Rc7 71.Rb6 Ra7 72.g5 hxg5 73.hxg5 fxg5 74.Rg6+ Kf7 75.
Rh6 Ra1 1/2-1/2

[Event "7th Penang Open 2015"]
[Site "Penang MAS"]
[Date "2015.12.09"]
[Round "4.32"]
[White "Yeoh Chin Seng"]
[Black "Zulkipli, Z"]
[Result "0-1"]
[WhiteElo "2059"]
[BlackElo "2104"]
[EventDate "2015.12.07"]
[WhiteFideId "5700418"]
[BlackFideId "5704154"]

1.e4 e5 2.Nf3 Nc6 3.Bc4 Nf6 4.d3 Be7 5.O-O O-O 6.Re1 d6 7.c3 Na5 8.Bb5 a6 
9.Ba4 b5 10.Bc2 c5 11.Nbd2 h6 12.Nf1 Nh7 13.Ne3 Nc6 14.d4 exd4 15.cxd4 Ng5
16.dxc5 Nxf3+ 17.gxf3 dxc5 18.Qxd8 Bxd8 19.Kg2 Nd4 20.Bb1 Be6 21.f4 f6 22.
Bd2 Bc7 23.Nc2 Nc6 24.Be3 c4 25.Rd1 Rfd8 26.Rxd8+ Rxd8 27.a3 a5 28.Kf3 g5 
29.fxg5 hxg5 30.h3 Be5 31.Ba2 Kf7 32.Rb1 a4 33.Kg2 Rh8 34.Rh1 g4 35.h4 f5 
36.Bc1 f4 37.f3 g3 38.h5 Kf6 39.h6 Kg6 40.Ne1 Rxh6 41.Rxh6+ Kxh6 42.Nd3 
cxd3 43.Bxe6 Nd4 44.Bd5 Nb3 0-1

[Event "7th Penang Open 2015"]
[Site "Penang MAS"]
[Date "2015.12.09"]
[Round "4.50"]
[White "Chuah, Hao Feng"]
[Black "Chuah, Yi Ning"]
[Result "1/2-1/2"]
[WhiteElo "1827"]
[BlackElo "1665"]
[EventDate "2015.12.07"]
[WhiteFideId "5712149"]
[BlackFideId "5712157"]

1.e4 e5 2.Nf3 Nc6 3.Bc4 Bc5 4.d3 h6 5.c3 d6 6.Nbd2 Nf6 7.h3 O-O 8.O-O Re8 
9.Re1 a6 10.Nf1 Be6 11.Bxe6 fxe6 12.Be3 Bxe3 13.fxe3 Qe7 14.Ng3 Qf7 15.Kh2
Qg6 16.Nh4 Qg5 17.Nf3 Qg6 18.Nh4 Qg5 19.Nf3 Qg6 20.Nh4 1/2-1/2

[Event "7th Penang Open 2015"]
[Site "Penang MAS"]
[Date "2015.12.09"]
[Round "5.45"]
[White "Singh, Kabir"]
[Black "Lim, Wei Sheng"]
[Result "1-0"]
[WhiteElo "1566"]
[BlackElo "1902"]
[EventDate "2015.12.07"]
[WhiteFideId "5708516"]
[BlackFideId "5703638"]

1.e4 e5 2.Nf3 Nc6 3.Bc4 Bc5 4.c3 Nf6 5.d3 d6 6.Bb3 Bg4 7.Nbd2 Qd7 8.Nf1 
O-O 9.Ng3 d5 10.Qe2 dxe4 11.dxe4 Nh5 12.Nxh5 Bxh5 13.O-O Rad8 14.Bd5 Kh8 
15.Qb5 Bxf3 16.gxf3 Bd6 17.Qxb7 Ne7 18.Qxa7 f5 19.f4 exf4 20.f3 Nxd5 21.
exd5 Qb5 22.b4 Qxd5 23.Qf2 Be5 24.Bb2 Qf7 25.a4 Qg6+ 26.Kh1 Qf6 27.Rac1 g5
28.Rfe1 Kg8 29.Qc5 Bd6 30.Qc4+ Qf7 31.Qxf7+ Rxf7 32.Re6 g4 33.Kg1 Be7 34.
Rc2 Bh4 35.Rh6 Bg5 36.Rh5 Be7 37.Bc1 gxf3 38.Kf2 Rd3 39.Rh3 Rd8 40.Rxf3 
Bh4+ 41.Kg2 Ra8 42.a5 Rg7+ 43.Kh3 Bg5 44.Bxf4 Bxf4 45.Rxf4 Ra6 46.Rd2 Rg5 
47.Rd8+ Kg7 48.Rd7+ Kf6 49.Rxc7 Re6 50.Rf3 h6 51.Rg3 f4 52.Rxg5 hxg5 53.b5
Kf5 54.Rc5+ Kf6 55.Rc6 1-0

[Event "7th Penang Open 2015"]
[Site "Penang MAS"]
[Date "2015.12.10"]
[Round "6.24"]
[White "Calvelo, Jelvis"]
[Black "Marohom, De Leon Jr."]
[Result "1/2-1/2"]
[WhiteElo "2090"]
[BlackElo "2249"]
[EventDate "2015.12.07"]
[WhiteFideId "5208009"]
[BlackFideId "5203856"]

1.e4 e5 2.Nf3 Nc6 3.Bc4 Nf6 4.Nc3 Bb4 5.d3 O-O 6.Bg5 h6 7.Bh4 Re8 8.O-O g5
9.Nxg5 hxg5 10.Bxg5 Be7 11.Bxf6 Bxf6 12.Qh5 Re6 13.f4 1/2-1/2

[Event "7th Penang Open 2015"]
[Site "Penang MAS"]
[Date "2015.12.11"]
[Round "8.8"]
[White "Ramnath, B"]
[Black "Tin, Jingyao"]
[Result "0-1"]
[WhiteElo "2423"]
[BlackElo "2405"]
[EventDate "2015.12.07"]
[WhiteTitle "IM"]
[BlackTitle "IM"]
[WhiteFideId "5026598"]
[BlackFideId "5804418"]

1.e4 e5 2.Nf3 Nc6 3.Bc4 Nf6 4.d3 Bc5 5.O-O d6 6.c3 h6 7.Bb3 a6 8.Re1 O-O 
9.h3 Re8 10.Nbd2 Be6 11.Bc2 Qd7 12.Nf1 d5 13.Qe2 Rad8 14.N3h2 Bf8 15.Qf3 
Nh7 16.Ne3 d4 17.Nef1 Qe7 18.Qg3 g6 19.Bd2 Bg7 20.c4 b5 21.cxb5 axb5 22.a3
Nf6 23.Rec1 Qd6 24.Bd1 Ra8 25.f4 Bd7 26.b4 Ra7 27.Rc5 exf4 28.Bxf4 Qe7 29.
Rxb5 Rea8 30.Bc1 Nd8 31.Ra5 Rxa5 32.bxa5 c5 33.Nd2 Be6 34.Rb1 Rxa5 35.Qb8 
Nd7 36.Qc7 Ra8 37.Nhf3 Qf8 38.Bb3 Nf6 39.Bc4 Rc8 40.Qb6 Nh5 41.Bxe6 Nxe6 
42.Nc4 Nhf4 43.Bxf4 Nxf4 44.Rb3 Ne2+ 45.Kh2 Nc1 46.a4 Nxb3 47.Qxb3 Rb8 48.
Qa2 Qc8 49.a5 Qe6 50.Qc2 Bf6 51.g3 Bd8 52.Kg2 Rb4 53.Qd2 Kg7 54.Nxd4 Qd7 
55.Nf3 Rb3 56.a6 Qa4 57.Qc2 Rb4 58.Qc3+ Bf6 59.e5 Qa2+ 60.Kf1 Be7 61.Nd6 
Rb1+ 62.Ne1 Qxa6 63.e6+ f6 64.Ne8+ Kf8 65.Nxf6 Qxe6 66.Ng4 h5 67.Nf2 Kg8 
68.Ne4 c4 69.Qc2 Qxh3+ 70.Kf2 Qh2+ 71.Ng2 Qg1+ 72.Kf3 c3 73.Qa2+ Kg7 74.
Ne3 Rb8 75.Qe6 Rf8+ 76.Ke2 Qh2+ 77.Kd1 Qh1+ 0-1

[Event "7th Penang Open 2015"]
[Site "Penang MAS"]
[Date "2015.12.12"]
[Round "9.57"]
[White "Goh, Sean Christian"]
[Black "Kebbedies, F"]
[Result "1/2-1/2"]
[WhiteElo "1573"]
[BlackElo "1797"]
[EventDate "2015.12.07"]
[WhiteFideId "5812488"]
[BlackFideId "24606944"]

1.e4 e5 2.Nf3 Nc6 3.Bc4 Bc5 4.c3 Nf6 5.d3 d6 6.h3 a6 7.Bb3 O-O 8.O-O h6 9.
Bc2 Ba7 10.d4 Re8 11.Re1 b5 12.d5 Ne7 13.Be3 Bxe3 14.Rxe3 Ng6 15.a4 Bb7 
16.axb5 axb5 17.Rxa8 Qxa8 18.Na3 c6 19.dxc6 Bxc6 20.Qxd6 Bxe4 21.Bxe4 Nxe4
22.Qb4 f5 23.Qxb5 Kh7 24.Qe2 Nf4 25.Qc2 Qd5 26.c4 Qd6 27.Nb5 Qg6 28.Ne1 
Rd8 29.Rxe4 fxe4 30.Kh2 Ne6 31.Nc3 Rd4 32.Ne2 Rd3 33.Nc3 Rd4 34.Ne2 Rd3 
35.Nc3 Rd4 36.Ne2 Rd8 37.Ng3 Nd4 38.Qxe4 Qxe4 39.Nxe4 Rc8 40.c5 Rb8 41.Nd3
Nc6 42.f3 Rb3 43.Nc3 Nb4 44.Nxe5 Rxb2 45.Ne4 Rc2 46.Kg3 Kg8 47.Kf4 Rxg2 
48.Kf5 Rh2 49.h4 Rxh4 50.c6 Rh1 51.Ke6 Rc1 52.Kd6 Nxc6 53.Nxc6 h5 54.Ne5 
h4 55.Nf2 Rc2 56.Ned3 Rd2 57.Ke5 g5 58.Ke4 Re2+ 59.Kf5 h3 60.Nxh3 Re3 61.
Ne5 g4 62.Nxg4 Rxf3+ 63.Nf4 Rxf4+ 1/2-1/2

[Event "Zadar Open A 2015"]
[Site "Zadar CRO"]
[Date "2015.12.14"]
[Round "3.6"]
[White "Brkic, A"]
[Black "Schachinger, M"]
[Result "1-0"]
[WhiteElo "2588"]
[BlackElo "2444"]
[EventDate "2015.12.13"]
[WhiteTitle "GM"]
[BlackTitle "IM"]
[WhiteFideId "14506688"]
[BlackFideId "1616773"]

1.e4 e5 2.Nf3 Nc6 3.Bc4 Bc5 4.c3 Nf6 5.d3 O-O 6.O-O d5 7.exd5 Nxd5 8.a4 a6
9.Nbd2 Bg4 10.h3 Bh5 11.Ne4 Be7 12.a5 Qd7 13.Nxe5 Nxe5 14.Qxh5 Nxc4 15.
dxc4 Nf6 16.Nxf6+ Bxf6 17.Qd5 Qxd5 18.cxd5 Rfd8 19.Rd1 Rd7 20.Be3 Rad8 21.
c4 Bxb2 22.Rab1 Be5 23.f4 Bc3 24.Rxb7 f5 25.Rb3 Bf6 26.Bc5 Re8 27.Re3 Rxe3
28.Bxe3 Bc3 29.Kf2 Kf7 30.Ke2 Bxa5 31.Ra1 Bc3 32.Rxa6 Bf6 33.Kd3 Ke8 34.
Bd4 Bd8 35.Be5 g5 36.Ra8 Kf7 37.Rc8 g4 38.Kd4 Bf6 39.Kc5 gxh3 40.gxh3 Bd8 
41.Kc6 Ke8 42.Bxc7 1-0

[Event "Zadar Open A 2015"]
[Site "Zadar CRO"]
[Date "2015.12.14"]
[Round "3.10"]
[White "Stocko, J"]
[Black "Fercec, N"]
[Result "1/2-1/2"]
[WhiteElo "2304"]
[BlackElo "2450"]
[EventDate "2015.12.13"]
[WhiteTitle "FM"]
[BlackTitle "GM"]
[WhiteFideId "14515580"]
[BlackFideId "14500299"]

1.e4 e5 2.Nf3 Nc6 3.Bc4 Nf6 4.d3 Be7 5.O-O O-O 6.Re1 d6 7.c3 Na5 8.Bb5 a6 
9.Ba4 b5 10.Bc2 c5 11.h3 Nc6 12.Nbd2 Re8 13.Nf1 h6 14.Ng3 Bf8 15.d4 g6 16.
d5 Na5 17.b4 Nc4 18.a4 bxa4 19.Bxa4 Bd7 20.Bxd7 Qxd7 21.bxc5 dxc5 22.Qe2 
Qb5 23.Nd2 Nxd2 24.Bxd2 Qxe2 25.Rxe2 c4 26.Ra4 Rec8 27.Be3 h5 28.f3 h4 29.
Nf1 Nh5 30.Rea2 Nf4 31.Bxf4 exf4 32.Nd2 Bg7 33.Nxc4 Rab8 34.e5 Rb1+ 35.Kf2
Rc1 36.d6 Rxc3 37.d7 Rd8 38.Rd2 Bf8 39.Ke2 Be7 40.Nb6 Re3+ 41.Kd1 Rxe5 42.
Rxa6 Re6 43.Re2 Bc5 44.Rxe6 fxe6 45.Kc2 Bxb6 46.Rxb6 Kf7 47.Rb7 Ke7 48.Rb4
g5 49.Rb5 Kf6 50.Rb7 Ke7 51.Rb5 Kf6 52.Rb7 Ke7 1/2-1/2

[Event "18th Padova Open 2014"]
[Site "Padova ITA"]
[Date "2015.12.13"]
[Round "1.10"]
[White "Quaranta, C"]
[Black "Godena, M"]
[Result "0-1"]
[WhiteElo "2112"]
[BlackElo "2499"]
[EventDate "2015.12.13"]
[BlackTitle "GM"]
[WhiteFideId "815810"]
[BlackFideId "800090"]

1.e4 e5 2.Nf3 Nc6 3.Bc4 Bc5 4.c3 Nf6 5.d3 d6 6.h3 Bb6 7.Nbd2 Ne7 8.Nf1 Ng6
9.Ng3 O-O 10.Bb3 h6 11.O-O Re8 12.Re1 Be6 13.Bc2 c5 14.d4 cxd4 15.cxd4 Rc8
16.Ba4 Bd7 17.dxe5 dxe5 18.Nf5 Bxa4 19.Qxa4 Re6 20.Be3 Bxe3 21.Rxe3 Ra6 
22.Qb4 Rb6 23.Qa3 Ra6 24.Qb4 Rb6 25.Qa3 Rc2 26.b3 Ra6 27.Qb4 Raxa2 28.Rxa2
Rxa2 29.Qxb7 Qd1+ 30.Kh2 Rxf2 31.Nxe5 Nxe5 32.Qb8+ Kh7 33.Qxe5 Rf1 34.Ng3 
Rf2 35.Nf5 Rf1 36.Ng3 Qa1 37.Qxa1 Rxa1 38.e5 Nd5 39.e6 Nxe3 0-1

[Event "Pavlodar Open 2015"]
[Site "Pavlodar KAZ"]
[Date "2015.12.08"]
[Round "2.36"]
[White "Tulegenov, A"]
[Black "Kuznetsov, Alexandr"]
[Result "0-1"]
[WhiteElo "1500"]
[BlackElo "1923"]
[EventDate "2015.12.07"]
[WhiteFideId "13712543"]
[BlackFideId "13700995"]

1.e4 e5 2.Nf3 Nc6 3.Bc4 Bc5 4.O-O Nf6 5.h3 d6 6.Nc3 a6 7.d3 h6 8.Nd5 O-O 
9.Be3 Ba7 10.c3 Nxd5 11.Bxd5 Ne7 12.Qb3 c6 13.Bxa7 Rxa7 14.Bc4 b5 15.Rad1 
bxc4 16.dxc4 Be6 17.Qa4 Qc7 18.b3 f5 19.exf5 Rxf5 20.Rfe1 Rf6 21.Qa3 c5 
22.Nd2 Bf5 23.Qb2 Ng6 24.a4 Nf4 25.Ne4 Rg6 26.Ng3 Qc6 27.f3 Rxg3 28.Re2 
Bxh3 29.Kh2 Rxg2+ 30.Rxg2 Bxg2 31.Rg1 Qxf3 32.Rxg2 Qxg2+ 33.Qxg2 Nxg2 0-1